| 000 | 00600nam a2200217 a 4500 | ||
|---|---|---|---|
| 005 | 20210219153034.0 | ||
| 008 | 991125n 000 0 spa u | ||
| 035 | _aUPN01000074124 | ||
| 100 | 1 | _aGiroux, Henry A., | |
| 222 | _aREVISTA DE EDUCACION | ||
| 245 | _aLa educación pública y el discurso de la crisis, el poder y el futuro | ||
| 300 | _a5-24 | ||
| 362 | _a1984 No. 274 may.-ago. | ||
| 653 | 0 | _aEDUCACION PUBLICA | |
| 653 | 0 | _aESCUELA | |
| 653 | 0 | _aESTADOS UNIDOS DE AMERICA | |
| 653 | 0 | _aFILOSOFIA EDUCATIVA | |
| 653 | 0 | _aMARXISMO | |
| 904 |
_aAC _b011935 |
||
| 905 | _aArticulo | ||
| 999 |
_c66767 _d66767 |
||